logo

Bir Sreshtho Munshi Abdur Rouf Library
Jhenaidah Cadet College

University of Dhaka: (Record no. 11214)

MARC details
000 -LEADER
fixed length control field 00665nam a2200241 a 4500
001 - CONTROL NUMBER
JCCL Control Number 11214
003 - CONTROL NUMBER IDENTIFIER
JCCL marc code BD-JhCC
005 - DATE AND TIME OF LATEST TRANSACTION
control field 20190806185126.0
008 - FIXED-LENGTH DATA ELEMENTS--GENERAL INFORMATION
fixed length control field 190606b 2016bg |||| ||a| 001 0 eng d
020 ## - INTERNATIONAL STANDARD BOOK NUMBER
International Standard Book Number 9789849176213
035 ## - SYSTEM CONTROL NUMBER
system control number (BD-JhCC)11214
040 ## - CATALOGING SOURCE
Original cataloging agency BD-JhCC
Modifying agency BD-JhCC
041 ## - LANGUAGE CODE
Language code of Book eng
082 ## - DEWEY DECIMAL CLASSIFICATION NUMBER
Classification number 378.196
Author mark and Year UNI 2016
245 ## - TITLE STATEMENT
Title University of Dhaka:
Remainder of title Making Unmaking Remaking /
Statement of responsibility, etc Edi: imtiaz Ahmaed, Iftekhar iqbal .
260 ## - PUBLICATION, DISTRIBUTION, ETC. (IMPRINT)
Place of publication, distribution, etc Dhaka:
Name of publisher, distributor, etc Prothoma Prokashan;
Date of publication, distribution, etc 2016.
300 ## - PHYSICAL DESCRIPTION
Pagination 335 p . :
Dimensions 22 cm.
650 ## - SUBJECT ADDED ENTRY--TOPICAL TERM
Topical term or geographic name as entry element Educational Instution
700 ## - ADDED ENTRY--PERSONAL NAME
Personal name Ahmaed, imtiaz
700 ## - ADDED ENTRY--PERSONAL NAME
Personal name iqbal, Iftekhar
942 ## - ADDED ENTRY ELEMENTS (KOHA)
Source of classification or shelving scheme Dewey Decimal Classification
Koha item type Books
Holdings
Source of classification or shelving scheme Damaged status Not for loan Home library Current library Shelving location Date of accession Cost, normal purchase price Total Checkouts Full call number Barcode Date last seen Copy number Koha item type
Dewey Decimal Classification     JCC Rouf Library JCC Rouf Library General Stacks 06/06/2019 553.00   378.196 UNI 2016 15286 08/06/2019 C-1 Books
Dewey Decimal Classification     JCC Rouf Library JCC Rouf Library General Stacks 06/02/2019 455.00   378.196 UNI 2016 15528 09/04/2019 C-2 Books

JCC Library | Contacts | JCC Home

Last Update on 23 September 2017
Copyright @ 2017-2020 JCC Rouf Library
Rouf Library, Jhenidah Cadet College (JCC), Bangladesh